ბათუმის შოთა რუსთაველის სახელმწიფო უნივერსიტეტის ბიბლიოთეკა

განათლება–განსხვავებული საჭიროებების მქონე პირთა განათლება (ბიბ.ჩანაწერი № 34666)

000 -LEADER
fixed length control field 01096nam a2200241Ia 4500
001 - CONTROL NUMBER
control field 445
003 - CONTROL NUMBER IDENTIFIER
control field GE_BSU
008 - FIXED-LENGTH DATA ELEMENTS--GENERAL INFORMATION
fixed length control field 181216s||||||||xx |||||||||||||| ||und||
020 ## - INTERNATIONAL STANDARD BOOK NUMBER
International Standard Book Number 9789941000379
040 ## - CATALOGING SOURCE
Transcribing agency GE_BSU
080 ## - UNIVERSAL DECIMAL CLASSIFICATION NUMBER
Universal Decimal Classification number 376.3
245 ## - TITLE STATEMENT
Title განათლება–განსხვავებული საჭიროებების მქონე პირთა განათლება
245 ## - TITLE STATEMENT
Remainder of title შესავალი კურსი
245 ## - TITLE STATEMENT
Statement of responsibility, etc. რედ. ბერიტ ჰ. იონსენისა და მირიამ დ. შერტენის: ქართ გამოც. რედ.მადონა ხარებავა
260 ## - PUBLICATION, DISTRIBUTION, ETC.
Place of publication, distribution, etc. თბილისი
260 ## - PUBLICATION, DISTRIBUTION, ETC.
Name of publisher, distributor, etc. საქართველოს მაცნე
260 ## - PUBLICATION, DISTRIBUTION, ETC.
Date of publication, distribution, etc. 2007
300 ## - PHYSICAL DESCRIPTION
Extent 310გვ.
653 ## - INDEX TERM--UNCONTROLLED
Uncontrolled term განათლება
653 ## - INDEX TERM--UNCONTROLLED
Uncontrolled term განათლება–განსხვავებული საჭიროებების მქონე პირთა განათლება
942 ## - ADDED ENTRY ELEMENTS (KOHA)
Koha item type წიგნი
ეგზემპლარები
Withdrawn status Lost status Damaged status Not for loan Date acquired Barcode Date last seen Price effective from Koha item type Public note
        2018-12-17 1173 2018-12-17 2018-12-17 წიგნი დარბაზი